000 00368pab a2200145 454500
008 180718b1988 xxu||||| |||| 00| 0 eng d
100 _aMitra, Subrata K.
245 _aIndia
_bDynastic rule or the democratisation of power
260 _c1988
300 _a129-59
362 _aJan.
650 _aIndia - Politics
773 _aThird World Quarterly
909 _a10414
999 _c10414
_d10414